| 000 | 01218nam a22002897a 4500 | ||
|---|---|---|---|
| 008 | 081126t xxu||||| |||| 00| 0 eng d | ||
| 010 | _aENG-91842 | ||
| 020 |
_a9788183242578 _c795.00 |
||
| 020 |
_a818324257X _c795.00 |
||
| 035 | _aEN-75375 | ||
| 037 | _bDBAD / PUB | ||
| 040 |
_adpl _bEnglish |
||
| 082 | _a305.51220954 | ||
| 100 | _aSanthosh Kumar V. | ||
| 245 |
_aSocial justice and the politics of reservation in India: _bthe post-Mandal phase / _cby Santhosh Kumar V. |
||
| 260 |
_aNew Delhi _bMittal Publications _c2008 |
||
| 270 |
_a4594/9, Daryaganj, _bNew Delhi _e110002 |
||
| 300 |
_axiii, 286p. _c23cm (Hb) |
||
| 500 | _aIncludes bibliographical references and index | ||
| 610 |
_aIndia _bBackward Classes Commission, 1980. |
||
| 650 |
_aCaste _zIndia |
||
| 650 |
_aDalits _xGovernment policy _zIndia |
||
| 650 |
_aPeople with social disabilities _xGovernment policy _zIndia |
||
| 651 |
_aIndia _xOfficials and employees _xSelection and appointment. |
||
| 942 |
_2ddc _cEN _mSAN _h305.51220954 |
||
| 999 |
_c19136 _d19136 |
||